Pokémon - Tous les Pokémons Dragon - Statistiques

Statistiques générales
  • Ce quiz a été pris 63 fois
  • Le résultat moyen est 59 sur 88
Statistiques - réponses
Génération Numero Type de quiz Réponse % Correct
1ère 0148 Dragon Draco
98%
1ère 0149 Dragon, Vol Dracolosse
97%
1ère 0147 Dragon Minidraco
97%
4ème 0445 Dragon, Sol Carchakrok
83%
1ère 0103 Alola : Dragon, Plante Noadkoko d’Alola
83%
3ème 0334 Dragon, Vol Altaria
81%
4ème 0483 Dragon, Acier Dialga
81%
4ème 0483 Originel : Dragon, Acier Dialga Originel
81%
4ème 0487 Dragon, Spectre Giratina
81%
4ème 0487 Originel ´ Dragon, Spectre Giratina Originel
81%
4ème 0484 Dragon, Eau Palkia
81%
4ème 0484 Originel : Dragon, Eau Palkia Originel
81%
5ème 0643 Dragon, Feu Reshiram
81%
3ème 0373 Dragon, Vol Drattak
80%
4ème 0443 Dragon, Sol Griknot
80%
3ème 0384 Dragon, Vol Rayquaza
80%
5ème 0644 Dragon, Électrique Zekrom
80%
4ème 0444 Dragon, Sol Carmache
78%
5ème 0646 Dragon, Glace Kyurem
78%
5ème 0646 Dragon, Glace Kyurem Blanc
78%
5ème 0646 Dragon, Glace Kyurem Noir
78%
3ème 0380 Dragon, Psy Latias
78%
3ème 0381 Dragon, Psy Latios
78%
4ème 0445 Méga : Dragon, Sol Méga-Carchakrok
78%
3ème 0371 Dragon Draby
76%
5ème 0621 Dragon Drakkarmin
76%
1ère 0006 Méga : Dragon, Feu Méga-Dracaufeu X
76%
5ème 0633 Dragon, Ténèbres Solochi
76%
5ème 0634 Dragon, Ténèbres Diamat
75%
3ème 0334 Méga : Dragon, Fée Méga-Altaria
75%
3ème 0380 Méga : Dragon, Psy Méga-Latias
75%
3ème 0381 Méga : Dragon, Psy Méga-Latios
75%
3ème 0384 Méga : Dragon, Vol Méga-Rayquaza
75%
3ème 0330 Dragon, Sol Libégon
73%
3ème 0373 Méga : Dragon, Vol Méga-Drattak
73%
5ème 0635 Dragon, Ténèbres Trioxhydre
73%
3ème 0372 Dragon Drackhaus
71%
3ème 0254 Méga : Dragon, Plante Méga-Jungko
71%
2ème 0181 Méga : Dragon, Électrique Méga-Pharamp
71%
3ème 0329 Dragon, Sol Vibraninf
71%
7ème 0784 Dragon, Combat Ékaïser
69%
6ème 0696 Dragon, Roche Ptyranidur
69%
6ème 0697 Dragon, Roche Rexilius
69%
6ème 0715 Dragon, Vol Bruyverne
68%
5ème 0610 Dragon Coupenotte
68%
6ème 0705 Dragon Colimucus
66%
6ème 0705 Dragon, Acier Colimucus d’Hisui
66%
2ème 0230 Dragon, Eau Hyporoi
66%
6ème 0691 Dragon, Poison Kravarech
66%
6ème 0706 Dragon Muplodocus
66%
6ème 0706 Dragon, Acier Muplodocus d’Hisui
66%
6ème 0714 Dragon, Vol Sonistrelle
66%
5ème 0612 Dragon Tranchodon
66%
7ème 0782 Dragon Bébécaille
64%
7ème 0776 Dragon, Feu Boumata
64%
6ème 0704 Dragon Mucuscule
64%
6ème 0718 Dragon, Sol Zygarde (Toutes Formes)
64%
7ème 0780 Dragon, Normal Draïeul
63%
5ème 0611 Dragon Incisache
63%
8ème 0890 Dragon, Poison Ethernatos
61%
8ème 0887 Dragon, Spectre Lanssorien
61%
7ème 0783 Dragon, Combat Écaïd
59%
9ème 1007 Dragon, Combat Koraidon
59%
9ème 1008 Dragon, Électrique Miraidon
59%
7ème 0800 Dragon, Psy Necrozma (Ultra)
59%
8ème 0885 Dragon, Spectre Fantyrm
58%
8ème 0841 Dragon, Plante Pomdrapi
58%
8ème 0886 Dragon, Spectre Dispareptil
54%
8ème 0884 Dragon, Acier Duralugon
54%
9ème 0998 Dragon, Glace Glaivodo
54%
8ème 0842 Dragon, Plante Dratatin
53%
7ème 0799 Dragon, Ténèbres Engloutyran
53%
8ème 0895 Dragon Regidrago
53%
8ème 0840 Dragon, Plante Verpom
53%
7ème 0804 Dragon, Poison Mandrillon
51%
9ème 1020 Dragon, Feu Feu-Perçant
49%
9ème 1021 Dragon, Électrique Ire-Foudre
49%
9ème 1019 Dragon, Plante Pomdorochi
49%
9ème 0997 Dragon, Glace Cryodo
47%
9ème 0996 Dragon, Glace Frigodo
47%
8ème 0882 Dragon, Eau Hydragon
47%
9ème 0967 Dragon, Normal Motorizard
47%
9ème 1018 Dragon, Acier Pondralugon
46%
9ème 1009 Dragon, Eau Serpente-Eau
46%
8ème 0880 Dragon, Électrique Galvagon
42%
9ème 1005 Dragon, Ténèbres Rugit-Lune
42%
9ème 0978 Dragon, Eau Nigirigon
41%
9ème 1011 Dragon, Plante Pomdramour
41%
Aucun quiz correspondant
Distribution des résultats
% des personnes avec chaque résultat
Percentile par nombre de réponses
Votre historique - résultats
Vous n’avez pas pris ce quiz